Entreprises ferroviaires européennes - Statistiques

Statistiques générales
  • Ce quiz a été pris 20 fois
  • Le résultat moyen est 6 sur 39
Statistiques - réponses
Pays Entreprise % Correct
France Société nationale des chemins de fer français (SNCF)
100%
Allemagne Deutsche Bahn (DB)
79%
Espagne Renfe
47%
Belgique Société nationale des chemins de fer belges (SNCB) / Nationale Maatschappij der Belgische Spoorwegen (NMBS)
47%
Suisse Chemins de fer fédéraux suisses (CFF) / Schweizerische Bundesbahnen (SBB) / Ferrovie federali svizzere (FFS)
37%
Royaume-Uni National Rail (NR) / Northern Ireland Railways (NIR)
26%
Autriche Österreichische Bundesbahnen (ÖBB)
21%
Luxembourg Société nationale des chemins de fer luxembourgeois (CFL)
21%
Danemark Danske Statsbaner (DSB)
16%
Croatie Hrvatske željeznice (HŽ)
16%
Irlande Iarnród Éireann (IÉ)
16%
Tchéquie České dráhy (ČD)
11%
Portugal Comboios de Portugal (CP)
11%
Italie Ferrovie dello Stato Italiane S.p.A. (FS)
11%
Albanie Hekurudha Shqiptare (HSH)
11%
Hongrie Magyar Államvasutak (MÁV)
11%
Pays-Bas Nederlandse Spoorwegen (NS)
11%
Pologne Polskie Koleje Państwowe (PKP)
11%
Slovénie Slovenske železnice (SŽ)
11%
Suède Statens Järnvägar (SJ)
11%
Kosovo Trainkos
11%
Finlande VR-Yhtymä Oy (VR)
11%
Norvège Vygruppen (Vy)
11%
Bulgarie Balgarski daržavni železnitsi (BDŽ)
5%
Roumanie Căile Ferate Române (CFR)
5%
Moldavie Calea Ferată din Moldova (CFM)
5%
Estonie Elron
5%
Grèce Hellenic Train S.A.
5%
Ukraine Ukrzaliznytsia (UZ)
5%
Lettonie AS Pasažieru vilciens (Vivi)
0%
Biélorussie Biełaruskaja čyhunka (BCh)
0%
Lituanie Lietuvos geležinkeliai (LTG)
0%
Macédoine du Nord Makedonski Železnici (MŽ)
0%
Transnistrie Pridnestrovskaya zheleznaya doroga (PŽD)
0%
Russie Rossiyskie zheleznye dorogi (RŽD)
0%
Serbie Srbijavoz
0%
Slovaquie Železničná spoločnosť Slovensko (ŽSSK)
0%
Bosnie-Herzégovine Željeznice Federacije Bosne i Hercegovine (ŽFBH) / Željeznice Republike Srpske (ŽRS)
0%
Monténégro Željeznički prevoz Crne Gore (ŽPCG)
0%
Aucun quiz correspondant
Distribution des résultats
% des personnes avec chaque résultat
Percentile par nombre de réponses
Votre historique - résultats
Vous n’avez pas pris ce quiz